Culture Générale - Série 2101 - Statistiques

Statistiques générales
  • Ce quiz a été pris 107 fois
  • Le résultat moyen est 4 sur 10
Statistiques - réponses
Question Réponse % Correct
"Va, je ne te hais point" . De quelle oeuvre de Corneille est extrait ce vers ? Le Cid
85%
Quelle est la préfecture du Finistère ? Quimper
78%
A quel département correspond le nom breton "Penn ar bed" ? Finistère
63%
De qui est le tableau "Les demoiselles d'Avignon" ? Pablo Picasso
48%
Comment appelle-t-on plus couramment le petit acarien "Trombicula autumnalis" qui provoque des démangeaisons intenses chez l'homme, le chien, le chat, pendant l'été ? voir photo aoûtat
31%
Comment appelle-t-on le mouvement de rotation de la main et de l'avant-bras opposé à la pronation (paume de la main tournée vers le haut) ? supination
31%
Quel est le pays le plus touché par l'épidémie du sida ? Afrique du Sud
25%
Quelle ville de Bretagne est surnommée la « ville aux trois ports » ? Douarnenez
14%
Dans quel pays le virus "zika" a-t-il été découvert en 1947 ? Le nom donné fait référence à une forêt de ce pays. Ouganda
11%
Comment s'appelle le chien de Robert et Raymonde Bidochon de la bande dessinée ? Kador
7%
Aucun quiz correspondant
Distribution des résultats
% des personnes avec chaque résultat
Percentile par nombre de réponses
Votre historique - résultats
Vous n’avez pas pris ce quiz